Star Wars - Diagramme de Venn #3 - Statistiques

Statistiques générales
  • Ce quiz a été pris 1 873 fois
  • Le résultat moyen est 5 sur 8
Réponses sur la Carte
Les réponses sont colorées sur une échelle allant du rouge au vert en fonction du pourcentage des utilisateurs qui les ont devinées à leur premier essai. Vous pouvez retrouver ces pourcentages ci-dessous.
 
Statistiques - réponses
Réponse % Correct
Général Grievous
76%
Comte Dooku
68%
Plo Koon
65%
Nute Gunray
61%
Amiral Ackbar
59%
R2D2
59%
Droideka
57%
IG-88
51%
Aucun quiz correspondant
Distribution des résultats
% des personnes avec chaque résultat
Percentile par nombre de réponses
Votre historique - résultats
Vous n’avez pas pris ce quiz